Топливные материалы в ядерной энергетике: учебное пособие
| Hoofdauteur: | |
|---|---|
| Coauteur: | |
| Andere auteurs: | , |
| Samenvatting: | Заглавие с титульного экрана Электронная версия печатной публикации Рассматриваются вопросы создания топлива для ядерных реакторов. С этой целью вместе с технологиями изготовления топлива приводятся теоретические сведения о строении вещества, индивидуальных свойствах топливных материалов и их поведении при облучении в реакторе. Обсуждается проблема выбора топлива, его состава и обогащения для реакторов различного назначения, работающих на тепловых и быстрых нейтронах. Приводимые данные о топливе сопровождаются необходимыми сведениями по безопасности обращения с ними. Пособие разработано в рамках реализации Инновационной образовательной программы ТПУ по направлению "Атомная энергетика, ядерный топливный цикл, безопасное обращение с радиоактивными отходами и отработанным ядерным топливом, обеспечение безопасности и противодействие терроризму" и предназначено для обеспечения подготовки магистровпо программе "Физико-технические проблемы атомной энергетики" Режим доступа: из корпоративной сети ТПУ |
| Taal: | Russisch |
| Gepubliceerd in: |
Томск, Изд-во ТПУ, 2008
|
| Onderwerpen: | |
| Online toegang: | http://www.lib.tpu.ru/fulltext2/m/2010/m144.pdf |
| Formaat: | Elektronisch Boek |
| KOHA link: | https://koha.lib.tpu.ru/cgi-bin/koha/opac-detail.pl?biblionumber=183193 |
MARC
| LEADER | 00000nlm0a2200000 4500 | ||
|---|---|---|---|
| 001 | 183193 | ||
| 005 | 20240128150253.0 | ||
| 035 | |a (RuTPU)RU\TPU\book\198575 | ||
| 090 | |a 183193 | ||
| 100 | |a 20100702d2008 m y0rusy50 ca | ||
| 101 | 0 | |a rus | |
| 102 | |a RU | ||
| 105 | |a a j 001zy | ||
| 135 | |a vrcn ---uucaa | ||
| 181 | 0 | |a i | |
| 182 | 0 | |a b | |
| 200 | 1 | |a Топливные материалы в ядерной энергетике |e учебное пособие |f В. И. Бойко, Г. Н. Колпаков, О. В. Селиваникова |g Томский политехнический университет (ТПУ) | |
| 203 | |a Текст |c электронный | ||
| 210 | |a Томск |c Изд-во ТПУ |d 2008 | ||
| 300 | |a Заглавие с титульного экрана | ||
| 300 | |a Электронная версия печатной публикации | ||
| 330 | |a Рассматриваются вопросы создания топлива для ядерных реакторов. С этой целью вместе с технологиями изготовления топлива приводятся теоретические сведения о строении вещества, индивидуальных свойствах топливных материалов и их поведении при облучении в реакторе. Обсуждается проблема выбора топлива, его состава и обогащения для реакторов различного назначения, работающих на тепловых и быстрых нейтронах. Приводимые данные о топливе сопровождаются необходимыми сведениями по безопасности обращения с ними. Пособие разработано в рамках реализации Инновационной образовательной программы ТПУ по направлению "Атомная энергетика, ядерный топливный цикл, безопасное обращение с радиоактивными отходами и отработанным ядерным топливом, обеспечение безопасности и противодействие терроризму" и предназначено для обеспечения подготовки магистровпо программе "Физико-технические проблемы атомной энергетики" | ||
| 333 | |a Режим доступа: из корпоративной сети ТПУ | ||
| 337 | |a Adobe Reader | ||
| 452 | 1 | |0 (RuTPU)RU\TPU\book\161427 |y 5-98298-264-4 |t Топливные материалы в ядерной энергетике |o учебное пособие |f В. И. Бойко, Г. Н. Колпаков, О. В. Селиваникова |g Томский политехнический университет (ТПУ) |c М. |n Изд-во ТПУ |d 2008 |p 186 с. |s Инновационная образовательная программа |a Бойко, Владимир Ильич | |
| 606 | 1 | |a Ядерное топливо |2 stltpush |3 (RuTPU)RU\TPU\subj\21595 |9 46555 | |
| 610 | 1 | |a ядерная энергетика | |
| 610 | 1 | |a топливные материалы | |
| 610 | 1 | |a топливные сердечники | |
| 610 | 1 | |a плутоний | |
| 610 | 1 | |a плутониевые соединения | |
| 610 | 1 | |a торий | |
| 610 | 1 | |a ториевые соединения | |
| 610 | 1 | |a дисперсионное топливо | |
| 610 | 1 | |a жидкое ядерное топливо | |
| 610 | 1 | |a альтернативное авиационное топливо | |
| 610 | 1 | |a обогащение | |
| 610 | 1 | |a техника безопасности | |
| 610 | 1 | |a ядерные реакторы | |
| 610 | 1 | |a атомная энергетика | |
| 610 | 1 | |a отработанное ядерное топливо | |
| 610 | 1 | |a учебные пособия | |
| 610 | 1 | |a труды учёных ТПУ | |
| 610 | 1 | |a электронный ресурс | |
| 675 | |a 621.039.54(075.8) |v 3 | ||
| 700 | 1 | |a Бойко |b В. И. |c российский физик-ядерщик, доктор физико-математических наук |c профессор Томского политехнического университета |f 1943- |g Владимир Ильич |3 (RuTPU)RU\TPU\pers\21949 | |
| 701 | 1 | |a Колпаков |b Г. Н. |c российский физик |c доцент Томского политехнического университета, кандидат физико-математических наук |f 1943- |g Геннадий Николаевич |3 (RuTPU)RU\TPU\pers\25613 | |
| 701 | 1 | |a Селиваникова |b О. В. |c специалист в области ядерных технологий |c старший преподаватель Томского политехнического университета |f 1977- |g Ольга Валерьевна |3 (RuTPU)RU\TPU\pers\26441 |9 12144 | |
| 712 | 0 | 2 | |a Томский политехнический университет (ТПУ) |c (1991-2009) |3 (RuTPU)RU\TPU\col\376 |
| 801 | 1 | |a RU |b 63413507 |c 20100702 | |
| 801 | 2 | |a RU |b 63413507 |c 20141226 |g RCR | |
| 856 | 4 | |u http://www.lib.tpu.ru/fulltext2/m/2010/m144.pdf | |
| 942 | |c CF | ||